[Event "Ellivuori Grandmaster Tournament"]
[Site "Vammala FIN"]
[Date "2002.08.24"]
[Round "1"]
[White "Rogule, Laura"]
[Black "Polovnikova, Ekaterina"]
[Result "1/2-1/2"]
[WhiteElo "2213"]
[BlackElo "2387"]
[PlyCount "67"]
[EventDate "2002.08.24"]
[SourceDate "2002.08.25"]

1. c4 e5 2. Nc3 Nf6 3. g3 Bb4 4. Bg2 O-O 5. e4 Bxc3 6. bxc3 Re8 7. Ne2 c6 8.
Qb3 Na6 9. Ba3 d6 10. O-O Be6 11. d4 Qc7 12. f4 b5 13. Bxd6 Qb6 14. fxe5 Bxc4
15. Qb2 Ng4 16. Kh1 Ne3 17. Rf3 Nxg2 18. Kxg2 Nb8 19. Nf4 Nd7 20. Qf2 f6 21.
Nd3 fxe5 22. Nxe5 Nxe5 23. Bxe5 c5 24. Qe3 cxd4 25. cxd4 Rf8 26. Qg5 Qb7 27.
Rxf8+ Rxf8 28. d5 h6 29. Qe3 Re8 30. Qd4 Qb6 31. Qxb6 axb6 32. d6 Bd3 33. Re1
Kf7 34. d7 1/2-1/2

[Event "Ellivuori Grandmaster Tournament"]
[Site "Vammala FIN"]
[Date "2002.08.24"]
[Round "1"]
[White "Koskela, Niina"]
[Black "Paasikangas-Tella, Johanna"]
[Result "1-0"]
[WhiteElo "2260"]
[BlackElo "2276"]
[PlyCount "71"]
[EventDate "2002.08.24"]
[SourceDate "2002.08.25"]

1. e4 c5 2. Nf3 d6 3. Bb5+ Nd7 4. d4 Ngf6 5. Nc3 cxd4 6. Qxd4 a6 7. Bxd7+ Bxd7
8. Bg5 h6 9. Bxf6 gxf6 10. Nd5 Rc8 11. c3 h5 12. a4 h4 13. O-O Bg4 14. Nd2 Rg8
15. f3 Bh3 16. Rf2 Bh6 17. f4 f5 18. Qe3 Bg4 19. h3 e6 20. hxg4 exd5 21. exf5+
Kd7 22. g5 Bf8 23. f6 Qe8 24. Qxe8+ Rxe8 25. Nf3 Rh8 26. Nd4 h3 27. g3 Re3 28.
Kh2 Kc7 29. Rd1 b6 30. Re2 Rxe2+ 31. Nxe2 d4 32. Nxd4 d5 33. Nf5 d4 34. Ne7
dxc3 35. bxc3 a5 36. c4 1-0

[Event "Ellivuori Grandmaster Tournament"]
[Site "Vammala FIN"]
[Date "2002.08.24"]
[Round "1"]
[White "Berzina, Ilze"]
[Black "Erneste, Inguna"]
[Result "1/2-1/2"]
[WhiteElo "2245"]
[BlackElo "2287"]
[PlyCount "20"]
[EventDate "2002.08.24"]
[SourceDate "2002.08.25"]

1. d4 d5 2. c4 c6 3. Nc3 Nf6 4. Nf3 e6 5. Bg5 Be7 6. cxd5 exd5 7. e3 Bf5 8. Bd3
Bxd3 9. Qxd3 O-O 10. O-O Nbd7 1/2-1/2

[Event "Ellivuori Grandmaster Tournament"]
[Site "Vammala FIN"]
[Date "2002.08.24"]
[Round "1"]
[White "Reizniece, Dana"]
[Black "Ciuksyte, Dagne"]
[Result "0-1"]
[WhiteElo "2306"]
[BlackElo "2329"]
[PlyCount "54"]
[EventDate "2002.08.24"]
[SourceDate "2002.08.25"]

1. g3 Nf6 2. Bg2 d5 3. c4 e6 4. Nf3 Be7 5. O-O O-O 6. b3 c5 7. e3 Nc6 8. Bb2 d4
9. exd4 cxd4 10. Re1 Ne8 11. Ba3 f6 12. d3 e5 13. Nh4 Bxa3 14. Bd5+ Kh8 15. Qh5
Ne7 16. Nxa3 g6 17. Qh6 Nd6 18. Nb5 Nxb5 19. cxb5 Nxd5 20. Nxg6+ Kg8 21. Nxf8
Qxf8 22. Qh5 Qf7 23. Qh4 Bf5 24. f4 Ne3 25. fxe5 fxe5 26. Rac1 Rf8 27. Qg5+ Bg6
0-1

[Event "Ellivuori Grandmaster Tournament"]
[Site "Vammala FIN"]
[Date "2002.08.24"]
[Round "1"]
[White "Puuska, Heini"]
[Black "Rantanen, Tanja"]
[Result "0-1"]
[WhiteElo "2065"]
[BlackElo "2166"]
[PlyCount "94"]
[EventDate "2002.08.24"]
[SourceDate "2002.08.25"]

1. d4 d5 2. c4 c6 3. Nc3 Nf6 4. e3 e6 5. Be2 Be7 6. Nf3 Nbd7 7. O-O O-O 8. b3
b6 9. Qc2 Bb7 10. Rd1 Qc7 11. Bb2 Rac8 12. e4 dxe4 13. Nxe4 Nxe4 14. Qxe4 Bf6
15. h4 c5 16. Qg4 cxd4 17. Nxd4 Ne5 18. Qg3 Nc6 19. Qg4 Ne5 20. Qg3 Ng6 21.
Qxc7 Rxc7 22. Ba3 Rd8 23. Nb5 Rcd7 24. Rxd7 Rxd7 25. Rc1 a6 26. Nd6 Nf4 27. Bf1
Bxg2 28. c5 bxc5 29. Bxc5 Bxf1 30. Rxf1 Bxh4 31. b4 Be7 32. Ne4 Nd5 33. Rc1 f5
34. Bxe7 Rxe7 35. Nd6 Rc7 36. Re1 Nf4 37. a4 Rc6 38. Rd1 Rb6 39. b5 axb5 40.
Nxb5 Nd5 41. Rc1 Kf7 42. Nd4 Rb4 43. Nf3 Rxa4 44. Rc6 Kf6 45. Kh2 g5 46. Rd6 h5
47. Nd2 Ra2 0-1

[Event "Ellivuori Grandmaster Tournament"]
[Site "Vammala FIN"]
[Date "2002.08.25"]
[Round "2"]
[White "Polovnikova, Ekaterina"]
[Black "Rantanen, Tanja"]
[Result "1-0"]
[WhiteElo "2387"]
[BlackElo "2166"]
[PlyCount "97"]
[EventDate "2002.08.24"]
[SourceDate "2002.08.25"]

1. e4 c5 2. Nf3 Nc6 3. d4 cxd4 4. Nxd4 Nxd4 5. Qxd4 d6 6. Nc3 Bd7 7. Bc4 Nf6 8.
f4 Bc6 9. O-O e6 10. f5 e5 11. Qd3 Be7 12. Nd5 Nxd5 13. Bxd5 O-O 14. Be3 Bxd5
15. Qxd5 Qc7 16. c4 a6 17. Rac1 b6 18. Rfd1 Rfc8 19. Rd3 Qd8 20. f6 Bxf6 21.
Qxd6 Qxd6 22. Rxd6 b5 23. c5 Rc7 24. Kf2 Be7 25. Rb6 Kf8 26. b4 Ke8 27. Rd1 f6
28. g4 Kf7 29. a4 bxa4 30. Ra1 a5 31. Rxa4 Rcc8 32. Rxa5 Rxa5 33. bxa5 Bxc5 34.
Bxc5 Rxc5 35. Rb7+ Kg6 36. a6 Ra5 37. a7 h5 38. gxh5+ Kxh5 39. Rxg7 Kh6 40. Rb7
Kg6 41. Ke3 Ra3+ 42. Kd2 Kg5 43. Kc2 Kf4 44. Kb2 Ra6 45. h4 Kg4 46. Rh7 f5 47.
Rg7+ Kh5 48. exf5 Kh6 49. Rg6+ 1-0

[Event "Ellivuori Grandmaster Tournament"]
[Site "Vammala FIN"]
[Date "2002.08.25"]
[Round "2"]
[White "Ciuksyte, Dagne"]
[Black "Puuska, Heini"]
[Result "1-0"]
[WhiteElo "2329"]
[BlackElo "2065"]
[PlyCount "89"]
[EventDate "2002.08.24"]
[SourceDate "2002.08.25"]

1. e4 c5 2. Nf3 d6 3. d4 cxd4 4. Nxd4 Nf6 5. Nc3 Nc6 6. Bc4 Nxd4 7. Qxd4 Be6 8.
Bxe6 fxe6 9. e5 Nd7 10. exd6 exd6 11. O-O Qf6 12. Qa4 a6 13. Be3 Be7 14. Rad1
d5 15. f4 Qf5 16. Rfe1 Rc8 17. Rd4 Rc6 18. Bf2 b5 19. Nxb5 Qxc2 20. Nc3 Qxa4
21. Rxa4 Nc5 22. Rd4 Kf7 23. f5 exf5 24. Rxd5 g6 25. Rxe7+ Kxe7 26. Rxc5 Rxc5
27. Bxc5+ Ke6 28. Kf2 Rb8 29. b3 Ke5 30. Ke3 f4+ 31. Ke2 Rc8 32. b4 g5 33. Na4
g4 34. Nb6 Rd8 35. Nc4+ Ke4 36. Nd2+ Ke5 37. a4 h5 38. b5 axb5 39. axb5 Rd5 40.
Nb3 Ke4 41. b6 f3+ 42. gxf3+ gxf3+ 43. Ke1 Rd3 44. Nd2+ Kd5 45. b7 1-0

[Event "Ellivuori Grandmaster Tournament"]
[Site "Vammala FIN"]
[Date "2002.08.25"]
[Round "2"]
[White "Erneste, Inguna"]
[Black "Reizniece, Dana"]
[Result "1-0"]
[WhiteElo "2287"]
[BlackElo "2306"]
[PlyCount "119"]
[EventDate "2002.08.24"]
[SourceDate "2002.08.25"]

1. e4 c5 2. Nf3 e6 3. d4 cxd4 4. Nxd4 Nf6 5. Nc3 d6 6. Be2 Be7 7. O-O O-O 8. f4
Nc6 9. Be3 e5 10. Nxc6 bxc6 11. fxe5 dxe5 12. Qe1 Qa5 13. Nd5 Qd8 14. Nxf6+
Bxf6 15. Rd1 Qe7 16. Qc3 Qe6 17. h3 Be7 18. Bg4 Qg6 19. Bf5 Qh5 20. Bxc8 Raxc8
21. Rd7 Rfe8 22. Rxa7 Rcd8 23. Qc4 Rd1 24. Rxd1 Qxd1+ 25. Kh2 Qe1 26. Bg5 h6
27. Rxe7 Rf8 28. Rxe5 hxg5 29. Rxg5 Qc1 30. Rg3 Qf4 31. Qc3 g6 32. e5 Re8 33.
Qxc6 Qxe5 34. Qc4 Rd8 35. Qc3 Qf4 36. Qe3 Qb8 37. Qb3 Qe5 38. Qc3 Qf4 39. Qe3
Qb8 40. b3 Re8 41. Qd4 Rd8 42. Qf2 Rd1 43. Qe2 Qd6 44. Qe8+ Kg7 45. Qe3 f5 46.
Qa7+ Kg8 47. Qa8+ Kg7 48. Qb7+ Kg8 49. Qc8+ Kg7 50. Qc3+ Kh7 51. b4 Rd4 52. Qc5
Qxc5 53. bxc5 Rc4 54. a4 Rxc5 55. Ra3 Rxc2 56. a5 f4 57. a6 Rc8 58. a7 Ra8 59.
h4 Kh6 60. Ra5 1-0

[Event "Ellivuori Grandmaster Tournament"]
[Site "Vammala FIN"]
[Date "2002.08.25"]
[Round "2"]
[White "Paasikangas-Tella, Johanna"]
[Black "Berzina, Ilze"]
[Result "1-0"]
[WhiteElo "2276"]
[BlackElo "2245"]
[PlyCount "75"]
[EventDate "2002.08.24"]
[SourceDate "2002.08.25"]

1. d4 d5 2. Nf3 c6 3. e3 Nd7 4. Bd3 e6 5. b3 f5 6. c4 Bb4+ 7. Nbd2 Ne7 8. a4
O-O 9. Ba3 Bxa3 10. Rxa3 a5 11. O-O Ng6 12. Qb1 Nf6 13. cxd5 cxd5 14. b4 Ne4
15. bxa5 Qxa5 16. Qb2 Bd7 17. Rfa1 Bc6 18. g3 Rfc8 19. Bb5 Rab8 20. Rb3 Nd6 21.
Bxc6 Rxc6 22. Qa3 Rbc8 23. Kg2 Ne4 24. Rb5 Qc7 25. a5 Rc2 26. Qb4 Nd6 27. Rb6
Rc6 28. Nb3 Rxb6 29. axb6 Qe7 30. Ne5 Ne4 31. Qxe7 Nxe7 32. Ra7 Rc2 33. Rxb7
Nc6 34. Nxc6 Rxc6 35. Nc5 Nd6 36. Rb8+ Kf7 37. b7 Rc7 38. Rf8+ 1-0

[Event "Ellivuori Grandmaster Tournament"]
[Site "Vammala FIN"]
[Date "2002.08.25"]
[Round "2"]
[White "Rogule, Laura"]
[Black "Koskela, Niina"]
[Result "1/2-1/2"]
[WhiteElo "2213"]
[BlackElo "2260"]
[PlyCount "169"]
[EventDate "2002.08.24"]
[SourceDate "2002.08.25"]

1. c4 Nf6 2. Nc3 e5 3. g3 Bb4 4. Bg2 O-O 5. e4 Bxc3 6. bxc3 c6 7. Ba3 Re8 8.
Qb3 Na6 9. Ne2 b6 10. O-O Bb7 11. c5 Nxc5 12. Bxc5 Ba6 13. Bxb6 axb6 14. Rfe1
d5 15. exd5 cxd5 16. Nc1 Qd6 17. Rb1 Rab8 18. Qa4 Bc8 19. Qb4 Qc7 20. Rb2 Be6
21. Nd3 Bf5 22. Qb5 e4 23. Nb4 Qd6 24. Nc2 Bd7 25. Qe2 Ng4 26. Reb1 Ne5 27. Rb4
Bg4 28. Qe3 Nc4 29. Qd4 Qe5 30. Qxe5 Nxe5 31. Ne3 Bf3 32. Rxb6 Ra8 33. Nxd5
Rxa2 34. R6b2 Rxb2 35. Rxb2 h6 36. Bf1 Ra8 37. Ne3 Ra1 38. h3 Kh7 39. Nc2 Rd1
40. Ne3 Rc1 41. g4 Nd3 42. Rc2 Ra1 43. c4 Nc5 44. Kh2 h5 45. Kg3 g5 46. h4
gxh4+ 47. Kxh4 hxg4 48. Bg2 Rg1 49. Kg3 Kg6 50. Kh2 Rb1 51. Ra2 Rc1 52. Ra5 Ne6
53. Ra6 Kf6 54. Kg3 Ke5 55. Ra5+ Kd6 56. Rf5 Ke7 57. Nd5+ Kd6 58. Ne3 Ke7 59.
Nd5+ Kf8 60. Ne3 Nd4 61. Ra5 Ne2+ 62. Kh2 Nf4 63. Nf5 Ke8 64. Bxf3 exf3 65.
Re5+ Ne6 66. d4 Kf8 67. Ra5 f6 68. d5 Ng5 69. d6 Rd1 70. c5 Ne4 71. c6 g3+ 72.
fxg3 f2 73. Ne3 Nxd6 74. Kg2 Rc1 75. Ra8+ Ke7 76. Ra7+ Ke6 77. Kxf2 Rxc6 78.
Ra5 Rb6 79. Kf3 Rb3 80. Ra6 Ke5 81. Ra5+ Ke6 82. Ra6 Ke5 83. Ra5+ Ke6 84. Ra6
Ke7 85. Ra7+ 1/2-1/2

[Event "Ellivuori Grandmaster Tournament"]
[Site "Vammala FIN"]
[Date "2002.08.26"]
[Round "3"]
[White "Koskela, Niina"]
[Black "Polovnikova, Ekaterina"]
[Result "1/2-1/2"]
[WhiteElo "2260"]
[BlackElo "2387"]
[PlyCount "131"]
[EventDate "2002.08.24"]
[SourceDate "2002.08.25"]

1. e4 e6 2. d3 c5 3. Nf3 Nc6 4. g3 d5 5. Nbd2 Bd6 6. Bg2 Nge7 7. O-O O-O 8. Re1
b6 9. c3 a5 10. a4 Ba6 11. exd5 Nxd5 12. Nb3 Be7 13. d4 Ra7 14. Ne5 Nxe5 15.
dxe5 Rd7 16. Qg4 Bd3 17. Nd2 Qc7 18. h4 Kh8 19. Nf1 c4 20. Bg5 Bc5 21. Ne3 Nxe3
22. Bxe3 Bxe3 23. Rxe3 Rfd8 24. Qf4 Bc2 25. Ree1 Rd1 26. Rexd1 Bxd1 27. Bf1 Bb3
28. Re1 Kg8 29. Re4 Rd1 30. Rd4 Rxd4 31. Qxd4 Kf8 32. Be2 Ke7 33. Bf1 h6 34.
Be2 Qc5 35. Qxc5+ bxc5 36. f4 Kd7 37. Kf2 Kc6 38. Ke3 Bxa4 39. Bxc4 Bb5 40. Ba2
Bf1 41. g4 Kd7 42. f5 exf5 43. gxf5 f6 44. e6+ Kd6 45. Kf4 Bd3 46. Bb3 Bb1 47.
Bd1 Bd3 48. Bh5 Bb1 49. Bg6 Bd3 50. Ke3 Bb1 51. Kd2 Be4 52. Kc1 Bd3 53. Kd2 Bb1
54. b3 Be4 55. Kc1 Ke7 56. Kb2 Kd6 57. Ka3 Bc6 58. Kb2 Be4 59. Ka3 Bc6 60. b4
axb4+ 61. cxb4 cxb4+ 62. Kxb4 Be4 63. Kc3 Bb1 64. Kd4 Bc2 65. Ke3 Ke7 66. Kf4
1/2-1/2

[Event "Ellivuori Grandmaster Tournament"]
[Site "Vammala FIN"]
[Date "2002.08.26"]
[Round "3"]
[White "Berzina, Ilze"]
[Black "Rogule, Laura"]
[Result "1-0"]
[WhiteElo "2245"]
[BlackElo "2213"]
[PlyCount "110"]
[EventDate "2002.08.24"]
[SourceDate "2002.08.25"]

1. e4 c5 2. Nf3 d6 3. d4 cxd4 4. Nxd4 Nf6 5. Nc3 a6 6. g3 b5 7. Bg2 Bb7 8. O-O
Nbd7 9. Re1 e5 10. Nf5 Qc7 11. Nd5 Nxd5 12. exd5 g6 13. Nh6 Bg7 14. Kh1 Nb6 15.
b3 Rc8 16. Re2 f5 17. Rb1 Qe7 18. g4 Qh4 19. g5 f4 20. Qd4 Qh5 21. Re1 Nd7 22.
Qxf4 Rf8 23. Qg3 Bxh6 24. gxh6 Rxc2 25. Be3 Nf6 26. Rbd1 Ng4 27. Kg1 Nxh6 28.
Bd4 Nf5 29. Qd3 Rc7 30. Bb6 Re7 31. Rc1 Nh4 32. Qg3 Nf3+ 33. Bxf3 Rxf3 34. Qg2
Bxd5 35. Rc8+ Kf7 36. Rec1 Rd3 37. f3 Bxf3 38. Qg3 Be4 39. Rf1+ Kg7 40. Be3 Rd1
41. Rcf8 Rxf1+ 42. Rxf1 Bf5 43. Bg5 Rf7 44. h4 Qg4 45. Qxg4 Bxg4 46. Bh6+ Kg8
47. Rc1 d5 48. Rc6 d4 49. Rxa6 Rd7 50. Kf2 d3 51. Bd2 Kf7 52. Rb6 Rd5 53. a4
bxa4 54. bxa4 Bd7 55. a5 Bc8 1-0

[Event "Ellivuori Grandmaster Tournament"]
[Site "Vammala FIN"]
[Date "2002.08.26"]
[Round "3"]
[White "Reizniece, Dana"]
[Black "Paasikangas-Tella, Johanna"]
[Result "0-1"]
[WhiteElo "2306"]
[BlackElo "2276"]
[PlyCount "134"]
[EventDate "2002.08.24"]
[SourceDate "2002.08.25"]

1. c4 e5 2. g3 f5 3. Bg2 Nf6 4. Nc3 Nc6 5. d3 g6 6. e4 d6 7. Nge2 Bg7 8. O-O
O-O 9. exf5 Bxf5 10. h3 Qd7 11. g4 Be6 12. Nd5 Kh8 13. Ng3 Ng8 14. Ne4 Nd4 15.
f4 c6 16. Ndc3 h6 17. Be3 Qe7 18. Bxd4 exd4 19. Ne2 d5 20. cxd5 Bxd5 21. N2g3
Nf6 22. Qd2 Nxe4 23. Bxe4 Qh4 24. Qg2 Rae8 25. Rf3 h5 26. gxh5 gxh5 27. Raf1
Bh6 28. Qf2 Bxe4 29. dxe4 Qxh3 30. Qxd4+ Kh7 31. Nf5 Rg8+ 32. Kf2 Qg2+ 33. Ke3
Rd8 34. Nd6 Bf8 35. e5 Bxd6 36. exd6 Rge8+ 37. Kd3 Re6 38. Kc3 Rdxd6 39. R1f2
Rxd4 40. Rxg2 Rd5 41. Rh3 Rf5 42. Kd3 Rg6 43. Rgh2 Kh6 44. Ke4 Rd5 45. Rb3 Re6+
46. Kf3 b6 47. Re3 Rxe3+ 48. Kxe3 Kg6 49. Rg2+ Kf6 50. Rg8 Rd7 51. Rh8 Kg6 52.
b4 Rh7 53. Rc8 Kf5 54. Kf3 h4 55. Kg2 h3+ 56. Kh2 Kxf4 57. Rxc6 Ke4 58. b5 Kd5
59. Rc3 Rh4 60. Ra3 Kc5 61. Rxa7 Kxb5 62. Ra3 Ra4 63. Rb3+ Kc5 64. a3 Rh4 65.
Rb2 b5 66. Rc2+ Rc4 67. Ra2 Rc3 0-1

[Event "Ellivuori Grandmaster Tournament"]
[Site "Vammala FIN"]
[Date "2002.08.26"]
[Round "3"]
[White "Puuska, Heini"]
[Black "Erneste, Inguna"]
[Result "0-1"]
[WhiteElo "2065"]
[BlackElo "2287"]
[PlyCount "86"]
[EventDate "2002.08.24"]
[SourceDate "2002.08.25"]

1. d4 d5 2. Bg5 h6 3. Bh4 c5 4. dxc5 Qa5+ 5. Nc3 e6 6. e4 Be7 7. Bxe7 Nxe7 8.
Qd4 O-O 9. b4 Qd8 10. exd5 exd5 11. Bd3 Nbc6 12. Qh4 d4 13. Nce2 Nxb4 14. Qxd4
Qa5 15. Kf1 Rd8 16. Qe5 Nec6 17. Qc3 Nxd3 18. cxd3 Qxc3 19. Nxc3 Bf5 20. Ne4
Ne5 21. Nf3 Nxd3 22. Nd6 Bc8 23. Ke2 Nxc5 24. Nxc8 Raxc8 25. Rhd1 b6 26. Nd4
Ne4 27. Ke3 Re8 28. Kf3 Ng5+ 29. Kg3 Rc3+ 30. f3 Ne4+ 31. Kh4 Kh7 32. Re1 Rc4
33. Nb3 Nc5+ 34. Kg3 Rxe1 35. Rxe1 Nxb3 36. axb3 Rb4 37. Re3 a5 38. h3 Kg6 39.
Kf2 Kf6 40. Ke2 Rb5 41. Kd2 Kf5 42. Kc3 Re5 43. Rd3 Kf6 0-1

[Event "Ellivuori Grandmaster Tournament"]
[Site "Vammala FIN"]
[Date "2002.08.26"]
[Round "3"]
[White "Rantanen, Tanja"]
[Black "Ciuksyte, Dagne"]
[Result "0-1"]
[WhiteElo "2166"]
[BlackElo "2329"]
[PlyCount "124"]
[EventDate "2002.08.24"]
[SourceDate "2002.08.25"]

1. e4 c5 2. Nf3 e6 3. c3 Nf6 4. e5 Nd5 5. d4 cxd4 6. Bc4 Nc6 7. O-O d6 8. exd6
Qxd6 9. Nxd4 Nxd4 10. Qxd4 Nf6 11. Bb5+ Bd7 12. Qa4 Bxb5 13. Qxb5+ Qd7 14. Qb3
Bc5 15. Na3 O-O 16. Nc4 Qc7 17. h3 Ne4 18. Ne3 Rad8 19. Qa4 f5 20. Qc4 Qe5 21.
f4 Qf6 22. Kh2 Kh8 23. Nc2 Qh4 24. Rf3 Rd1 25. Be3 Bxe3 26. Rxd1 Bxf4+ 27. Kg1
e5 28. Qb4 Rg8 29. Qxb7 Ng5 30. Rxf4 Qxf4 31. Qxa7 Qe4 32. Qf2 f4 33. Re1 Qg6
34. Kh2 Re8 35. Nb4 h6 36. a4 Qf5 37. Rf1 Rf8 38. h4 Ne4 39. Qc2 Ng3 40. Qxf5
Nxf1+ 41. Kg1 Rxf5 42. Kxf1 e4 43. Nc6 Rc5 44. Nd4 Kg8 45. Nb5 Kf8 46. b4 Rd5
47. Nd4 Ke7 48. a5 Kd7 49. Ke2 g5 50. hxg5 hxg5 51. Kd2 Kc8 52. Kc2 g4 53. Kd2
Kb7 54. Ke2 Ka6 55. Kf2 g3+ 56. Ke2 Rd6 57. Nb3 f3+ 58. gxf3 g2 59. Kf2 Rg6 60.
Kg1 exf3 61. Nc5+ Kb5 62. Ne4 Re6 0-1

[Event "Ellivuori Grandmaster Tournament"]
[Site "Vammala FIN"]
[Date "2002.08.27"]
[Round "4"]
[White "Polovnikova, Ekaterina"]
[Black "Ciuksyte, Dagne"]
[Result "1/2-1/2"]
[WhiteElo "2387"]
[BlackElo "2329"]
[PlyCount "81"]
[EventDate "2002.08.24"]
[SourceDate "2002.08.25"]

1. e4 c5 2. Nf3 e6 3. d4 cxd4 4. Nxd4 a6 5. Nc3 b5 6. Bd3 Qb6 7. Nf3 Nc6 8. O-O
d6 9. Re1 Be7 10. a4 b4 11. Nb1 Nf6 12. Nbd2 Ng4 13. Qe2 d5 14. exd5 exd5 15.
Nb3 O-O 16. h3 Nf6 17. Be3 Qc7 18. a5 Re8 19. Bb6 Qf4 20. Nbd4 Bd7 21. Qf1 Nxd4
22. Bxd4 Bxh3 23. gxh3 Qxf3 24. Bxa6 Bd6 25. Be3 Re6 26. Be2 Qf5 27. Qg2 h5 28.
Bd4 Qxc2 29. Bf3 Rxa5 30. Rac1 Rxe1+ 31. Rxe1 Qg6 32. Qxg6 fxg6 33. Re6 Bc5 34.
Bxf6 gxf6 35. Rxf6 Kg7 36. Rc6 Bd4 37. Rc2 Ra2 38. Bxd5 Rxb2 39. Rxb2 Bxb2 40.
Kg2 Kf6 41. f4 1/2-1/2

[Event "Ellivuori Grandmaster Tournament"]
[Site "Vammala FIN"]
[Date "2002.08.27"]
[Round "4"]
[White "Erneste, Inguna"]
[Black "Rantanen, Tanja"]
[Result "1-0"]
[WhiteElo "2287"]
[BlackElo "2166"]
[PlyCount "107"]
[EventDate "2002.08.24"]
[SourceDate "2002.08.25"]

1. e4 e5 2. Nf3 Nf6 3. d4 Nxe4 4. Bd3 d5 5. Nxe5 Nd7 6. Nxd7 Bxd7 7. O-O Qh4 8.
c4 O-O-O 9. c5 g5 10. Be3 Bg7 11. f3 Nf6 12. Bf2 Qh5 13. h3 g4 14. c6 Bxc6 15.
hxg4 Qg5 16. Qd2 Qxd2 17. Nxd2 Nd7 18. Rfe1 Rde8 19. Nf1 Nf8 20. Ng3 Ne6 21.
Nf5 Bf6 22. Be3 h5 23. gxh5 Rxh5 24. g4 Rh3 25. Kg2 Reh8 26. Rh1 Rxh1 27. Rxh1
Rxh1 28. Kxh1 Bd7 29. Kg2 Nd8 30. g5 Bh8 31. Ne7+ Kb8 32. Nxd5 Nc6 33. Bb5 Kc8
34. Bxc6 Bxc6 35. Ne7+ Kd7 36. Nxc6 Kxc6 37. Kg3 Kd5 38. Kf4 c5 39. dxc5 Bxb2
40. Kf5 Bc3 41. f4 Bb2 42. Bf2 Bc3 43. Kg4 Bd2 44. f5 Bc1 45. g6 fxg6 46. fxg6
Bb2 47. Kf5 Bc3 48. Bh4 Bg7 49. Bf6 Bf8 50. Bb2 Bh6 51. Kf6 b6 52. cxb6 axb6
53. Kf7 b5 54. Bc1 1-0

[Event "Ellivuori Grandmaster Tournament"]
[Site "Vammala FIN"]
[Date "2002.08.27"]
[Round "4"]
[White "Paasikangas-Tella, Johanna"]
[Black "Puuska, Heini"]
[Result "1-0"]
[WhiteElo "2276"]
[BlackElo "2065"]
[PlyCount "67"]
[EventDate "2002.08.24"]
[SourceDate "2002.08.25"]

1. d4 Nf6 2. Nf3 e6 3. e3 c5 4. Bd3 cxd4 5. exd4 Be7 6. O-O O-O 7. b3 d6 8. c4
Nbd7 9. Bb2 b6 10. Nbd2 Bb7 11. Re1 Re8 12. Nf1 Qc7 13. Rc1 Bf8 14. Ng3 Rad8
15. Bb1 Qb8 16. b4 Qa8 17. Re3 Ng4 18. Bxh7+ Kh8 19. Ng5 Ndf6 20. Qd3 Rd7 21.
Ree1 Bxg2 22. d5 exd5 23. Rxe8 Nxe8 24. Kxg2 dxc4+ 25. Qe4 Qxe4+ 26. Bxe4 Rc7
27. Bd5 b5 28. Nxf7+ Kh7 29. Ng5+ Kg6 30. Ne6 Rf7 31. Be4+ Kh6 32. Nf5+ Kh5 33.
h4 d5 34. Nf4# 1-0

[Event "Ellivuori Grandmaster Tournament"]
[Site "Vammala FIN"]
[Date "2002.08.27"]
[Round "4"]
[White "Rogule, Laura"]
[Black "Reizniece, Dana"]
[Result "1/2-1/2"]
[WhiteElo "2213"]
[BlackElo "2306"]
[PlyCount "81"]
[EventDate "2002.08.24"]
[SourceDate "2002.08.25"]

1. c4 e5 2. Nc3 d6 3. g3 Nc6 4. Bg2 g6 5. e4 Bg7 6. Nge2 f5 7. d3 Nf6 8. O-O
O-O 9. h3 Be6 10. b3 Qd7 11. Kh2 f4 12. gxf4 exf4 13. f3 Nh5 14. d4 Ne7 15. Nd5
g5 16. Nxe7+ Qxe7 17. Bb2 c5 18. Qd2 Rad8 19. Rad1 b6 20. Qe1 a6 21. Rd2 b5 22.
cxb5 axb5 23. Qf2 Ra8 24. dxc5 Bxb2 25. Rxb2 dxc5 26. Rc1 Rfc8 27. Rbc2 h6 28.
Rxc5 Rxc5 29. Qxc5 Qxc5 30. Rxc5 Rxa2 31. Nd4 Bd7 32. Rd5 Be8 33. Nxb5 Bxb5 34.
Rxb5 Ng3 35. Kg1 Ne2+ 36. Kf1 Nd4 37. Rb8+ Kf7 38. Kg1 Ra1+ 39. Kf2 Ra2+ 40.
Kg1 Ra1+ 41. Kf2 1/2-1/2

[Event "Ellivuori Grandmaster Tournament"]
[Site "Vammala FIN"]
[Date "2002.08.27"]
[Round "4"]
[White "Koskela, Niina"]
[Black "Berzina, Ilze"]
[Result "1-0"]
[WhiteElo "2260"]
[BlackElo "2245"]
[PlyCount "116"]
[EventDate "2002.08.24"]
[SourceDate "2002.08.25"]

1. e4 c6 2. d3 d5 3. Nd2 e5 4. Ngf3 Bd6 5. g3 Nf6 6. Bg2 O-O 7. O-O Re8 8. Re1
Na6 9. h3 Qc7 10. a3 h6 11. Nh4 Nc5 12. Nf1 dxe4 13. dxe4 a5 14. Qf3 Be7 15.
Nh2 Be6 16. Nf5 Bxf5 17. Qxf5 Ne6 18. Be3 Rad8 19. Nf3 Nd7 20. Nd2 Bg5 21. Bxg5
Nxg5 22. Nc4 b5 23. h4 g6 24. Qg4 Nf6 25. Qe2 Ne6 26. Ne3 Nd4 27. Qf1 h5 28.
Rad1 Qe7 29. c3 Ne6 30. Qe2 Nc5 31. f3 Nb3 32. Qc2 a4 33. Bf1 Nd7 34. Kf2 Ndc5
35. Rxd8 Rxd8 36. Rd1 Kg7 37. Rxd8 Qxd8 38. Qd1 Qxd1 39. Nxd1 Kf6 40. Ke3 Ke6
41. c4 Nd4 42. cxb5 cxb5 43. Nc3 b4 44. Bc4+ Ke7 45. Nd5+ Kf8 46. Nxb4 f5 47.
f4 fxe4 48. fxe5 Nf5+ 49. Kf4 Ke7 50. Nd5+ Kd8 51. Ne3 Nd4 52. Kg5 Nf3+ 53.
Kxg6 Nxe5+ 54. Kxh5 Ncd3 55. Bxd3 exd3 56. Kg5 Ke7 57. Kf5 Kd6 58. h5 d2 1-0

[Event "Ellivuori Grandmaster Tournament"]
[Site "Vammala FIN"]
[Date "2002.08.28"]
[Round "5"]
[White "Berzina, Ilze"]
[Black "Polovnikova, Ekaterina"]
[Result "0-1"]
[WhiteElo "2245"]
[BlackElo "2387"]
[PlyCount "102"]
[EventDate "2002.08.24"]
[SourceDate "2002.08.25"]

1. e4 e5 2. Nf3 Nc6 3. Bb5 a6 4. Ba4 Nf6 5. O-O Be7 6. Re1 b5 7. Bb3 d6 8. c3
O-O 9. h3 Na5 10. Bc2 c5 11. d4 Nd7 12. Nbd2 exd4 13. cxd4 Nc6 14. d5 Nce5 15.
Nxe5 Nxe5 16. a4 Rb8 17. f4 Ng6 18. Nf3 Bh4 19. Nxh4 Qxh4 20. Rf1 f5 21. e5 Bb7
22. Be3 Qd8 23. Ra3 Ne7 24. Rd3 Qc7 25. e6 c4 26. Rd2 b4 27. Qf3 Rf6 28. g4
Rxe6 29. gxf5 Bxd5 30. Rxd5 Rxe3 31. Qxe3 Nxd5 32. Qe6+ Qf7 33. Qxd6 Re8 34.
Bb1 Ne3 35. Rf2 a5 36. f6 Qxf6 37. Qxf6 gxf6 38. Re2 h6 39. Re1 Kf8 40. Kf2 Nd5
41. Rxe8+ Kxe8 42. Kf3 Ke7 43. Be4 Kd6 44. Bg6 Nb6 45. Be8 f5 46. Ke3 Kc5 47.
Bb5 Nd5+ 48. Kf3 Kd4 49. Bd7 Ne3 50. Be6 Kd3 51. h4 c3 0-1

[Event "Ellivuori Grandmaster Tournament"]
[Site "Vammala FIN"]
[Date "2002.08.28"]
[Round "5"]
[White "Reizniece, Dana"]
[Black "Koskela, Niina"]
[Result "0-1"]
[WhiteElo "2306"]
[BlackElo "2260"]
[PlyCount "88"]
[EventDate "2002.08.24"]
[SourceDate "2002.08.25"]

1. e4 e5 2. Nf3 Nc6 3. Bb5 a6 4. Ba4 Nf6 5. O-O Be7 6. Re1 b5 7. Bb3 d6 8. c3
O-O 9. h3 Nb8 10. d3 Nbd7 11. Nbd2 c5 12. Nf1 Nb6 13. Bc2 Re8 14. Ng3 Bf8 15.
Bg5 h6 16. Bd2 Ra7 17. b3 a5 18. d4 b4 19. d5 Bd7 20. c4 a4 21. Nh2 Nh7 22. Nf5
Bxf5 23. exf5 Be7 24. Qg4 Bg5 25. f6 Qxf6 26. f4 Bh4 27. g3 axb3 28. Bxb3 e4
29. Be3 Nf8 30. Qxh4 Qxh4 31. gxh4 Ng6 32. h5 Nh4 33. Kf2 Nf5 34. Rad1 Na4 35.
Bxa4 Rxa4 36. Re2 Rea8 37. Rdd2 Ra3 38. Nf1 Rc3 39. Ng3 Nxe3 40. Nxe4 Nxc4 41.
Rc2 Rxc2 42. Rxc2 Na3 43. Re2 Nb5 44. Ng3 Nc3 0-1

[Event "Ellivuori Grandmaster Tournament"]
[Site "Vammala FIN"]
[Date "2002.08.28"]
[Round "5"]
[White "Puuska, Heini"]
[Black "Rogule, Laura"]
[Result "0-1"]
[WhiteElo "2065"]
[BlackElo "2213"]
[PlyCount "72"]
[EventDate "2002.08.24"]
[SourceDate "2002.08.25"]

1. e4 c5 2. Nf3 d6 3. d4 cxd4 4. Qxd4 Nc6 5. Bb5 Bd7 6. Bxc6 bxc6 7. c4 e5 8.
Qd3 Nf6 9. O-O Be6 10. Nc3 Qc7 11. Ng5 Rd8 12. Nxe6 fxe6 13. Qh3 Qf7 14. f4
exf4 15. Bxf4 e5 16. Bg5 Be7 17. Qe3 Qxc4 18. Qxa7 Qd4+ 19. Qxd4 exd4 20. Ne2
c5 21. Bxf6 Bxf6 22. Nf4 Kf7 23. a4 Rb8 24. Ra2 Rhe8 25. Re1 c4 26. Nd5 d3 27.
Nxf6 gxf6 28. Kf2 Rb3 29. a5 Reb8 30. Rea1 Rxb2+ 31. Rxb2 Rxb2+ 32. Ke3 d2 33.
a6 Ra2 34. Rb1 c3 35. Kd3 Rb2 36. Ra1 c2 0-1